[Event "Managua Ramirez de Arellano Memorial"]
[Site "Managua"]
[Date "2019.07.27"]
[Round "7"]
[White "Bolanos Garcia, Heidi Paola"]
[Black "Matamoros, Jorge"]
[Result "0-1"]
[WhiteElo "1264"]
[BlackElo "1684"]
[PlyCount "84"]
[EventDate "2019.07.13"]
[EventType "swiss"]
[EventRounds "9"]
[EventCountry "NCA"]
[SourceTitle "EXT 2020"]
[Source "ChessBase"]
[SourceDate "2019.10.17"]
[SourceVersion "1"]
[SourceVersionDate "2019.10.17"]
[SourceQuality "1"]

1. e4 e5 2. Nf3 Nc6 3. d4 exd4 4. Nxd4 Qf6 5. Be3 Bc5 6. c3 Nge7 7. Bc4 0-0 8. 0-0 Bb6 9. Na3 Ne5 10. Bb3 d6 11. Nc4 Nxc4 12. Bxc4 Ng6 13. Qd2 Ne5 14. Bb3 Qg6 15. f4 Ng4 16. f5 Qh5 17. h3 Nxe3 18. Qxe3 c5 19. Qf3 Qxf3 20. Nxf3 c4+ 21. Kh1 cxb3 22. axb3 f6 23. Rad1 Re8 24. Rfe1 Bf2 25. Re2 Bg3 26. Rd3 Bd7 27. Ng1 Bf4 28. g4 Bc6 29. Rd4 Rad8 30. Kg2 g6 31. Kf3 Be5 32. Rdd2 gxf5 33. gxf5 Kf7 34. Rg2 Rg8 35. c4 Rxg2 36. Rxg2 Rg8 37. Rxg8 Kxg8 38. Ne2 Bxb2 39. Nf4 b5 40. Nd3 Kf7 41. Ke3 bxc4 42. bxc4 a5 0-1

[Event "Managua Gomez Argenal Memorial 19th"]
[Site "Managua"]
[Date "2019.06.09"]
[Round "6"]
[White "Matamoros, Jorge"]
[Black "Vallecillo, Saul"]
[Result "1-0"]
[WhiteElo "1651"]
[BlackElo "1887"]
[PlyCount "40"]
[EventDate "2019.06.16"]
[EventType "swiss"]
[EventRounds "9"]
[EventCountry "NCA"]
[SourceTitle "EXT 2020"]
[Source "ChessBase"]
[SourceDate "2019.10.17"]
[SourceVersion "1"]
[SourceVersionDate "2019.10.17"]
[SourceQuality "1"]

1. d4 Nf6 2. c4 Nc6 3. Nc3 e5 4. d5 Ne7 5. Nf3 Ng6 6. Bg5 Bc5 7. a3 a5 8. e3 h6 9. Bxf6 Qxf6 10. Ne4 Qe7 11. Nxc5 Qxc5 12. Bd3 Qe7 13. Qc2 Nh4 14. Nxh4 Qxh4 15. g3 Qe7 16. e4 0-0 17. 0-0 d6 18. b4 Bh3 19. Rfe1 f5 20. Bf1 Bxf1 1-0

[Event "Managua Gomez Argenal Memorial 19th"]
[Site "Managua"]
[Date "2019.06.08"]
[Round "4"]
[White "Matamoros, Jorge"]
[Black "Diego Martinez, Humberto Jose"]
[Result "0-1"]
[WhiteElo "1651"]
[BlackElo "2030"]
[PlyCount "88"]
[EventDate "2019.06.16"]
[EventType "swiss"]
[EventRounds "9"]
[EventCountry "NCA"]
[SourceTitle "EXT 2020"]
[Source "ChessBase"]
[SourceDate "2019.10.17"]
[SourceVersion "1"]
[SourceVersionDate "2019.10.17"]
[SourceQuality "1"]

1. e4 c5 2. Nf3 e6 3. d4 cxd4 4. Nxd4 Nc6 5. c4 a6 6. Nxc6 bxc6 7. Bd2 Qc7 8. Nc3 Nf6 9. g3 Bb7 10. Bg2 h5 11. Bf4 e5 12. Bg5 Bc5 13. Bxf6 gxf6 14. h4 Qb6 15. 0-0 Bd4 16. Na4 Qb4 17. Qb3 a5 18. Rad1 Ba6 19. Qxb4 axb4 20. b3 Bxc4 21. Rfe1 Bb5 22. Bf1 Kf8 23. Kg2 Kg7 24. Kf3 Bxa4 25. bxa4 Rxa4 26. Bc4 Rha8 27. Re2 Ra3+ 28. Kg2 Rc3 29. Bb3 Ra5 30. Rb1 Ra7 31. Rd2 d6 32. Kf1 Kg6 33. Ke2 f5 34. exf5+ Kf6 35. Kf1 Kxf5 36. Bd1 c5 37. Bxh5 Rca3 38. f3 Kf6 39. Ke2 Rxa2 40. g4 Rxd2+ 41. Kxd2 Ra2+ 42. Kd3 Rh2 43. g5+ Kg7 44. Bg4 d5 0-1

[Event "NCA-ch 2nd phase"]
[Site "Managua"]
[Date "2019.02.03"]
[Round "9"]
[White "Avalos, Carlos"]
[Black "Matamoros, Jorge"]
[Result "1/2-1/2"]
[WhiteElo "1861"]
[BlackElo "1681"]
[PlyCount "134"]
[EventDate "2019.01.19"]
[EventType "swiss"]
[EventRounds "9"]
[EventCountry "NCA"]
[SourceTitle "CBM 189 Extra"]
[Source "ChessBase"]
[SourceDate "2019.06.03"]
[SourceVersion "1"]
[SourceVersionDate "2019.06.03"]
[SourceQuality "1"]

1. Nf3 g6 2. c4 Bg7 3. g3 e6 4. Bg2 d5 5. 0-0 Ne7 6. d4 0-0 7. b3 Nd7 8. Bb2 c5 9. e3 b6 10. Nbd2 Ba6 11. Re1 cxd4 12. exd4 dxc4 13. bxc4 Rc8 14. Rc1 Bb7 15. Ne4 Nf5 16. g4 Bxe4 17. Rxe4 Nd6 18. Re2 Nxc4 19. Bc3 b5 20. a4 a6 21. axb5 axb5 22. Qb3 Rb8 23. h3 Bh6 24. Rd1 Qc7 25. d5 Nc5 26. Qb4 Bf4 27. dxe6 Nxe6 28. Ba1 Bh6 29. Ne5 Rfd8 30. Rxd8+ Rxd8 31. Nc6 Rd1+ 32. Re1 Rxe1+ 33. Qxe1 Bg7 34. Bxg7 Kxg7 35. Qc3+ f6 36. Nb4 Nf4 37. Bf1 h6 38. Nc2 Qe5 39. Qf3 Nd5 40. Qb3 Nf4 41. Qf3 Nd6 42. Qc6 h5 43. Qf3 hxg4 44. hxg4 Nc4 45. Ne3 Nd6 46. Qc6 Kh6 47. Qc1 g5 48. Qc6 b4 49. Qh1+ Kg6 50. Qa8 Kf7 51. Qa7+ Ke6 52. Qa8 Qd4 53. Qa2+ Ke7 54. Qc2 Kd8 55. Qb3 Kc7 56. Nc2 Qc3 57. Qa4 b3 58. Qa7+ Kd8 59. Qb8+ Kd7 60. Bb5+ Nxb5 61. Qxb5+ Ke7 62. Ne3 Kf7 63. Kh2 Ng6 64. Qb7+ Ne7 65. Nf5 Qe5+ 66. Kg1 Qe1+ 67. Kh2 Qe5+ 1/2-1/2

[Event "NCA-ch 2nd phase"]
[Site "Managua"]
[Date "2019.01.19"]
[Round "1"]
[White "Matamoros, Jorge"]
[Black "Arevalo Lopez, Josue"]
[Result "0-1"]
[WhiteElo "1681"]
[BlackElo "1938"]
[PlyCount "76"]
[EventDate "2019.01.19"]
[EventType "swiss"]
[EventRounds "9"]
[EventCountry "NCA"]
[SourceTitle "CBM 189 Extra"]
[Source "ChessBase"]
[SourceDate "2019.06.03"]
[SourceVersion "1"]
[SourceVersionDate "2019.06.03"]
[SourceQuality "1"]

1. e4 e6 2. d4 d5 3. Nc3 dxe4 4. Nxe4 Bd7 5. Bd3 Bc6 6. Nf3 Nd7 7. Qe2 Be7 8. c3 Ngf6 9. h3 0-0 10. Bf4 a6 11. 0-0 Qc8 12. Bg5 h6 13. Nxf6+ Bxf6 14. Bxf6 Bxf3 15. Qxf3 Nxf6 16. Rfe1 c5 17. Rac1 cxd4 18. c4 Qc7 19. Qe2 Rae8 20. Qd2 e5 21. f3 Nh5 22. Bf5 Qd8 23. Be4 Qd7 24. Qc2 f5 25. Bd5+ Kh8 26. Qb3 Nf4 27. Qxb7 Qxb7 28. Bxb7 Nd3 29. Bxa6 Nxc1 30. Rxc1 Ra8 31. Bb7 Rxa2 32. c5 Rxb2 33. c6 d3 34. Rd1 e4 35. fxe4 fxe4 36. Ba6 Rb6 37. Bxd3 exd3 38. Rxd3 Rxc6 0-1

[Event "Managua Ramirez de Arellano Memorial"]
[Site "Managua"]
[Date "2017.07.30"]
[Round "9"]
[White "Medrano, Maria Luisa"]
[Black "Matamoros, Jorge"]
[Result "1/2-1/2"]
[WhiteElo "1579"]
[BlackElo "1733"]
[PlyCount "60"]
[EventDate "2017.07.15"]
[EventType "swiss"]
[EventRounds "9"]
[EventCountry "NCA"]
[SourceTitle "EXT 2018"]
[Source "ChessBase"]
[SourceDate "2017.10.13"]
[SourceVersion "1"]
[SourceVersionDate "2017.10.13"]
[SourceQuality "1"]

1. e4 e5 2. Nf3 Nc6 3. Bc4 Be7 4. d4 d6 5. dxe5 dxe5 6. Qxd8+ Bxd8 7. Bb5 Bd7 8. Nc3 Nge7 9. 0-0 0-0 10. Nd5 Nxd5 11. exd5 Nb8 12. Bc4 Bf6 13. Be3 Bf5 14. Bb3 Nd7 15. h3 h6 16. Rad1 b6 17. c3 Rad8 18. Rfe1 Bg6 19. Nd2 Bh5 20. g4 Bg6 21. Nc4 Kh8 22. Bc1 b5 23. Na5 Nc5 24. Nc6 Ra8 25. Nxe5 Nxb3 26. Nxg6+ fxg6 27. axb3 Rae8 28. Bf4 Rxe1+ 29. Rxe1 Rd8 30. Rd1 Rd7 1/2-1/2

[Event "Managua Gomez Argenal Memorial"]
[Site "Managua"]
[Date "2017.06.03"]
[Round "1"]
[White "Espinoza, Jose"]
[Black "Matamoros, Jorge"]
[Result "1-0"]
[WhiteElo "2092"]
[BlackElo "1722"]
[PlyCount "94"]
[EventDate "2017.06.03"]
[EventType "swiss"]
[EventRounds "9"]
[EventCountry "NCA"]
[SourceTitle "EXT 2018"]
[Source "ChessBase"]
[SourceDate "2017.10.13"]
[SourceVersion "1"]
[SourceVersionDate "2017.10.13"]
[SourceQuality "1"]

1. e4 e5 2. Nf3 Nc6 3. d4 exd4 4. Nxd4 Bc5 5. Nb3 Bb6 6. Nc3 Qf6 7. Qe2 Nge7 8. Be3 0-0 9. 0-0-0 d6 10. Nb5 Be6 11. Kb1 Ne5 12. Bxb6 axb6 13. Nxc7 Bc4 14. Qe1 Rad8 15. Nb5 Bxb5 16. Bxb5 N7c6 17. Qd2 Rfe8 18. f4 Ng6 19. g3 Ra8 20. Rhe1 h6 21. Re3 Qe7 22. a3 Rac8 23. h4 Nf8 24. Qf2 Ne6 25. g4 Nc5 26. Rde1 Nxb3 27. Rxb3 Na5 28. Rb4 Rc5 29. Bd3 Qc7 30. g5 hxg5 31. hxg5 Rc8 32. Rh1 Nc6 33. Qh2 Kf8 34. Qh8+ Ke7 35. Qxg7 Rf8 36. Qf6+ Ke8 37. Rh7 Qe7 38. Qxe7+ Nxe7 39. Rxb6 Ng6 40. f5 Ne5 41. Rxb7 Rc8 42. Bb5+ Kd8 43. a4 Ra8 44. b4 Kc8 45. Re7 Rb8 46. g6 fxg6 47. fxg6 Rg8 1-0

[Event "Managua Hurtado Memorial 16th"]
[Site "Managua"]
[Date "2016.12.28"]
[Round "4"]
[White "Matamoros, Jorge"]
[Black "Ortiz, Heriberto"]
[Result "1/2-1/2"]
[WhiteElo "1715"]
[BlackElo "1880"]
[PlyCount "110"]
[EventDate "2016.12.26"]
[EventType "swiss"]
[EventRounds "9"]
[EventCountry "NCA"]
[SourceTitle "CBM 176 Extra"]
[Source "ChessBase"]
[SourceDate "2017.03.02"]
[SourceVersion "1"]
[SourceVersionDate "2017.03.02"]
[SourceQuality "1"]

1. d4 d5 2. c4 Nf6 3. Nf3 Nc6 4. e3 g6 5. Nc3 Bg7 6. cxd5 Nxd5 7. Bc4 Nb6 8. Bb5 Bd7 9. 0-0 0-0 10. Qe2 a6 11. Bd3 Bg4 12. h3 Bxf3 13. gxf3 e5 14. dxe5 Nxe5 15. Be4 Qh4 16. f4 Nec4 17. Qg4 Qxg4+ 18. hxg4 c6 19. Rb1 Rad8 20. Rd1 Rxd1+ 21. Nxd1 Rd8 22. Bf3 Nd2 23. Bxd2 Rxd2 24. Kf1 Na4 25. Ke1 Rd8 26. a3 Rd6 27. g5 f6 28. gxf6 Bxf6 29. Be2 h5 30. Bc4+ Kg7 31. Bb3 Nc5 32. Bc2 h4 33. Ke2 Kh6 34. f3 b5 35. Nf2 a5 36. b3 Bc3 37. Rd1 Rxd1 38. Bxd1 a4 39. bxa4 bxa4 40. Ne4 Nxe4 41. fxe4 Bb2 42. Bxa4 c5 43. e5 Bxa3 44. Kf3 c4 45. Kg4 Be7 46. e4 c3 47. f5 g5 48. e6 Kg7 49. e5 Kf8 50. f6 Bc5 51. Bc2 Ba3 52. Kh3 Bb4 53. Be4 Bc5 54. Kg4 Ba3 55. Bf5 Bb4 1/2-1/2